000 00273nam a2200109Ia 4500
008 200302s9999 xx 000 0 und d
100 _aAditya Prakash & Other
245 _aChandigarh the City Beautiful
260 _bAbhishek Publications
260 _c1999
300 _a96 P.,
999 _c5813
_d5813